000 00730nam a2200217Ia 4500
003 GCL
008 140319s9999 xx 000 0 ara d
020 _a3986081977
040 _aGCL /
_cGCL
082 0 4 _a811.082
_bع و
100 1 _aعبدالرحمن الابنودى
245 1 0 _aوجوه علي الشط /
_cعبدالرحمن الابنودى
250 _aالسادسه
260 _aالقاهرة :
_bأطلس للنشر والانتاج الاعلامى ،
_c2004
300 _a408 ص ؛
_c19 سم
650 0 4 _aالادب العربى
650 0 4 _aالشعر الحماسى
650 0 4 _aالشعر العربى - دواوين وقصائد
650 0 4 _aالشعر العربى - مصر
942 _2ddc
_cBK
999 _c9328
_d9328